| 000 | 01016nam a2200217Ia 4500 | ||
|---|---|---|---|
| 003 | Ost | ||
| 005 | 20260507075801.0 | ||
| 008 | 260507s9999||||xx |||||||||||||| ||und|| | ||
| 040 | _cfsecg | ||
| 041 | _aara | ||
| 082 | _a658 | ||
| 100 |
_aعباس، علي _eمؤلف |
||
| 245 | 0 |
_aأساسيات علم الإدارة / _c علي عباس |
|
| 260 |
_aعمان: _bدار المسيرة للنشر للتوزيع, _c2004 |
||
| 300 |
_a232 صفحة؛ _bإيضاحات ؛ _c24 سم |
||
| 504 | _aببليوغرافيا: ص ص. 231-232 | ||
| 520 | _aالمبادئ الحديثة لعلم الادارة، مدارس الفكر الاداري الحديث، التخطيط، عملية اتخاذ القرارات وانواعها وأساليبها، التنظيم الاداري في منظمات الاعمال، التوجيه و الاشراف، الرقابة الادارية، الحالات الادارية . | ||
| 653 | _aإدارة الأعمال | ||
| 653 | _aالإدارة | ||
| 942 | _cكتاب | ||
| 999 |
_c46267 _d46267 |
||